Normal view
MARC view
- Community Medicine MS-Thesis.
Entry Topical Term
001 - CONTROL NUMBER
- control field: 30577
003 - CONTROL NUMBER IDENTIFIER
- control field: NUST
005 - DATE AND TIME OF LATEST TRANSACTION
- control field: 20200922163559.0
008 - FIXED-LENGTH DATA ELEMENTS
- fixed length control field: 200922|| aca||aabn | a|a d
040 ## - CATALOGING SOURCE
- Original cataloging agency: NUST
- Transcribing agency: NUST
150 ## - HEADING--TOPICAL TERM
- Topical term or geographic name entry element: Community Medicine MS-Thesis.
670 ## - SOURCE DATA FOUND
- Source citation: Work cat.: (NUST): Salahuddin Sadi 30576, Assessing Cenbtral Line Accociated Bloodstream Infections Rates by Infection Control Monitoring of a Hemodialysis Unit /, 2015.
